[Event "Michigan Senior"]
[Site "Ann Arbor, MI"]
[Date "1999.06.20"]
[Round "3"]
[White "Merte, Otto"]
[Black "Schey, Danny"]
[Result "0-1"]
[WhiteElo "1465"]
[BlackElo "1694"]
[PlyCount "127"]
[EventDate "1999.06.19"]

1. c4 e5 2. Nc3 d6 3. e3 g6 4. Nge2 Bg7 5. g3 Be6 6. d3 f5 7. Bg2 c6 8. Qc2 Nf6
9. O-O O-O 10. a3 a5 11. Rb1 Nbd7 12. b4 axb4 13. axb4 f4 14. exf4 Nh5 15. fxe5
Nxe5 16. Nf4 Nxf4 17. Bxf4 Rxf4 18. gxf4 Ng4 19. h3 Nh6 20. Ne4 Qh4 21. Ng5 Bf5
22. Qd2 Ra3 23. Be4 Bxh3 24. Nxh3 Qxh3 25. Qe3 Qg4+ 26. Qg3 Qe2 27. Rfe1 Qa2
28. Qf3 Nf5 29. Qe2 Nd4 30. Qxa2 Rxa2 31. Kf1 Kf7 32. b5 h5 33. bxc6 bxc6 34.
Rb7+ Kf6 35. Rb6 Rd2 36. Reb1 Bh6 37. R6b2 Rxb2 38. Rxb2 Bxf4 39. Rb6 c5 40.
Kg2 g5 41. Rb8 d5 42. Rb6+ Ke5 43. Bxd5 g4 44. Rb7 h4 45. Rg7 g3 46. fxg3 Bxg3
47. Re7+ Kf4 48. Rc7 Nb3 49. Re7 Nc1 50. Be4 Ke3 51. Rd7 Nb3 52. Rb7 Nd4 53.
Ra7 Nb3 54. Rd7 Nd4 55. Rg7 Nb3 56. Rg5 Kd4 57. Kf3 Nd2+ 58. Kg2 Nb3 59. Rd5+
Ke3 60. Rf5 Kd4 61. Rf6 Ke3 62. Rc6 Kd4 63. Kf3 Nd2+ 64. Ke2 {[Remainder
unavailable]} 0-1

[Event "Michigan Senior"]
[Site "Ann Arbor, MI"]
[Date "1999.06.20"]
[Round "4"]
[White "Mandell, Ed"]
[Black "Merte, Otto"]
[Result "0-1"]
[WhiteElo "1074"]
[BlackElo "1465"]
[PlyCount "88"]
[EventDate "1999.06.19"]

1. Nf3 Nf6 2. Nc3 d5 3. d4 g6 4. Bf4 c5 5. e3 Bd7 6. Ne5 Qa5 7. Bd3 c4 8. Bxc4
dxc4 9. Nxc4 Qd8 10. O-O e6 11. Bg5 Bc6 12. e4 Be7 13. Bxf6 Bxf6 14. d5 Bd7 15.
Nd6+ Kf8 16. f4 Bxc3 17. bxc3 Qb6+ 18. Qd4 Qxd4+ 19. cxd4 exd5 20. exd5 b6 21.
c4 Na6 22. a3 Ke7 23. Ne4 Bf5 24. d6+ Kd7 25. Ng3 Bd3 26. Rfc1 Rac8 27. Rc3
Bxc4 28. Rac1 Bd5 29. f5 Rxc3 30. Rxc3 Re8 31. Kf2 Kxd6 32. fxg6 fxg6 33. Ne2
Nc7 34. Rh3 Re7 35. g4 Bc4 36. Ng3 Nb5 37. Kf3 Nxd4+ 38. Kf4 Ne6+ 39. Ke3 Ng5+
40. Kd4 Nxh3 41. Kxc4 Nf2 42. g5 Re5 43. h4 Re3 44. Nf1 Rxa3 0-1

[Event "Michigan Senior"]
[Site "Ann Arbor, MI"]
[Date "1999.06.20"]
[Round "3"]
[White "Mandell, Ed"]
[Black "Jointer, William"]
[Result "0-1"]
[WhiteElo "1074"]
[BlackElo "1600"]
[PlyCount "52"]
[EventDate "1999.06.19"]

1. e4 g6 2. Nf3 d6 3. Bc4 Nf6 4. d3 Bg7 5. c3 O-O 6. Qb3 c6 7. Bxf7+ Rxf7 8.
Ng5 d5 9. Nxf7 Kxf7 10. Bg5 Nbd7 11. O-O Nc5 12. Qc2 dxe4 13. Bxf6 exd3 14.
Bxe7 Qxe7 15. Qd1 Bf5 16. b4 Ne4 17. Re1 Qh4 18. Qf3 Nxc3 19. Nd2 Ne2+ 20. Kh1
Bxa1 21. Rxa1 Re8 22. g3 Qd4 23. Rb1 Nc3 24. Rb2 Nd1 25. Nb3 Qxb2 26. Qxd1 Qxf2
0-1

[Event "Michigan Senior"]
[Site "Ann Arbor, MI"]
[Date "1999.06.20"]
[Round "3"]
[White "Levadi, David"]
[Black "Everett, Morgan"]
[Result "0-1"]
[WhiteElo "1871"]
[BlackElo "2134"]
[PlyCount "64"]
[EventDate "1999.06.19"]

1. Nc3 e5 2. Nf3 Nc6 3. d4 exd4 4. Nxd4 Nf6 5. Bg5 Bb4 6. Qd3 O-O 7. Nxc6 bxc6
8. O-O-O d5 9. e4 Bxc3 10. bxc3 Qe7 11. Bxf6 Qxf6 12. exd5 Bf5 13. Qd4 Qd6 14.
c4 cxd5 15. cxd5 Rab8 16. Qc3 Qf4+ 17. Rd2 Rb4 18. a3 Rb6 19. Bc4 Rfb8 20. Bb3
a5 21. g3 Qd6 22. Ba2 a4 23. Re1 h6 24. Re3 Rb5 25. Qe5 Qb6 26. Kd1 Bg6 27. Bc4
Rc5 28. Bd3 Bxd3 29. Rexd3 Qb1+ 30. Ke2 Rxc2 31. Rxc2 Qxc2+ 32. Kf3 Qxd3+ 0-1

[Event "Michigan Senior"]
[Site "Ann Arbor, MI"]
[Date "1999.06.20"]
[Round "4"]
[White "LaForge, Tom"]
[Black "Chobanyan, Sergei"]
[Result "0-1"]
[WhiteElo "1981"]
[BlackElo "2288"]
[PlyCount "68"]
[EventDate "1999.06.19"]

1. e4 c5 2. Nf3 Nf6 3. e5 Nd5 4. d4 cxd4 5. Qxd4 e6 6. a3 Nc6 7. Qe4 d6 8. c4
Nc7 9. Nc3 dxe5 10. Nxe5 Nxe5 11. Qxe5 f6 12. Qg3 Kf7 13. Be2 Bd6 14. Qh4 e5
15. O-O Be6 16. Rd1 Qf8 17. Be3 f5 18. c5 Be7 19. Qg3 Bf6 20. Qf3 Qc8 21. Rd6
Re8 22. c6 e4 23. Qh5+ Kg8 24. cxb7 Qxb7 25. Nd1 g6 26. Qh6 Rad8 27. Qf4 Nd5
28. Rxd8 Nxf4 29. Rxe8+ Kf7 30. Rf8+ Kxf8 31. Bxf4 g5 32. Bd6+ Kg8 33. Rc1 f4
34. b4 Qd5 0-1

[Event "Michigan Senior"]
[Site "Ann Arbor, MI"]
[Date "1999.06.20"]
[Round "3"]
[White "Kilburn, Gregory"]
[Black "Steen, Harold"]
[Result "0-1"]
[WhiteElo "1049"]
[BlackElo "1710"]
[PlyCount "70"]
[EventDate "1999.06.19"]

1. e4 c5 2. Nf3 e6 3. d4 cxd4 4. Nxd4 Nf6 5. Bd3 Nc6 6. Nf3 d6 7. Nc3 Be7 8. a3
a6 9. O-O O-O 10. Re1 Qc7 11. Bd2 b5 12. b4 Bb7 13. Ne2 d5 14. exd5 Nxd5 15. c4
bxc4 16. Bxc4 Bf6 17. Rb1 Ne5 18. Bxd5 Bxd5 19. Rc1 Nxf3+ 20. gxf3 Qb7 21. Ng3
Bxf3 22. Qb3 Bd5 23. Qd3 Rad8 24. Qf1 Bb2 25. Rb1 Bf6 26. Ne4 Bxe4 27. Bf4 Bxb1
28. Rxb1 Rd4 29. Bg3 Bh4 30. b5 axb5 31. Rxb5 Qa6 32. Rb4 Qxf1+ 33. Kxf1 Rxb4
34. axb4 Bxg3 35. hxg3 Rb8 0-1

[Event "Michigan Senior"]
[Site "Ann Arbor, MI"]
[Date "1999.06.20"]
[Round "4"]
[White "Kahn, Doug"]
[Black "Jointer, William"]
[Result "1-0"]
[WhiteElo "1800"]
[BlackElo "1600"]
[PlyCount "83"]
[EventDate "1999.06.19"]

1. e4 d6 2. d4 Nf6 3. Nc3 Bg4 4. Be2 Bxe2 5. Qxe2 g6 6. Nf3 Bg7 7. Be3 O-O 8.
h3 c6 9. Qd2 Re8 10. O-O b5 11. a3 Nbd7 12. e5 Nd5 13. Nxd5 cxd5 14. exd6 e6
15. Bh6 Bh8 16. Qf4 a5 17. Ne5 f6 18. Nd3 g5 19. Qg3 Rc8 20. c3 Kf7 21. f4 Kg6
22. h4 Kxh6 23. hxg5+ fxg5 24. Kf2 Kg6 25. Ke2 h6 26. Ne5+ Nxe5 27. dxe5 Qd7
28. Qd3+ Kg7 29. Rh1 Qf7 30. Rxh6 Rf8 31. Rh7+ Kg8 32. Rxf7 Rxf7 33. Qg6+ Bg7
34. Qxe6 Rcf8 35. Rf1 b4 36. d7 bxc3 37. fxg5 Rd8 38. Qxf7+ Kh7 39. Qh5+ Kg8
40. Qe8+ Kh7 41. Rh1+ Bh6 42. Qf7+ 1-0

[Event "Michigan Senior"]
[Site "Ann Arbor, MI"]
[Date "1999.06.20"]
[Round "4"]
[White "Imai, Toshio"]
[Black "Dolin, Jack"]
[Result "0-1"]
[WhiteElo "1519"]
[BlackElo "1291"]
[PlyCount "48"]
[EventDate "1999.06.19"]

1. e4 e6 2. c4 d5 3. cxd5 exd5 4. exd5 Nf6 5. Nc3 Nxd5 6. Nxd5 Qxd5 7. Qf3 Be6
8. Be2 Nd7 9. Qxd5 Bxd5 10. Nf3 O-O-O 11. O-O g6 12. d4 Bg7 13. Be3 h6 14. b4
Rhe8 15. a4 f5 16. Bd3 Bxf3 17. gxf3 Nb6 18. a5 Nd5 19. Rfe1 Nxb4 20. Rad1 Nxd3
21. Rxd3 Bxd4 22. Red1 Bxe3 23. fxe3 Rxd3 24. Rxd3 Rd8 0-1

[Event "Michigan Junior Invitational"]
[Site "Ann Arbor, MI"]
[Date "1999.06.20"]
[Round "4.1"]
[White "Hartwig, Thomas"]
[Black "Solon, Nathan"]
[Result "0-1"]
[WhiteElo "2090"]
[BlackElo "2035"]
[PlyCount "60"]
[EventDate "1999.06.19"]

1. e4 c5 2. Nf3 d6 3. d4 cxd4 4. Nxd4 Nf6 5. Nc3 g6 6. Be3 Bg7 7. h3 O-O 8. Bc4
a6 9. Bb3 b5 10. O-O b4 11. Nd5 Nxe4 12. Qf3 Nc5 13. Bg5 Ra7 14. Qe3 Be6 15.
Nxe6 fxe6 16. Nf4 Nc6 17. Nxe6 Nxe6 18. Bxe6+ Kh8 19. Bd5 Nd4 20. Rfe1 Qc7 21.
Qxe7 Qxe7 22. Rxe7 Rxe7 23. Bxe7 Re8 24. Bg5 Re5 25. c4 Rxg5 26. Re1 Re5 27.
Rd1 Re2 28. a3 Rxb2 29. axb4 Rxb4 30. Ra1 Ne2+ 0-1

[Event "Michigan Senior"]
[Site "Ann Arbor, MI"]
[Date "1999.06.20"]
[Round "3"]
[White "Griffin, John"]
[Black "Poniatowski, Don"]
[Result "1/2-1/2"]
[WhiteElo "1500"]
[BlackElo "1283"]
[PlyCount "161"]
[EventDate "1999.06.19"]

1. d4 Nf6 2. c4 e5 3. dxe5 Ng4 4. Bf4 Nc6 5. Nf3 Bb4+ 6. Nbd2 Qe7 7. e3 Ngxe5
8. Nxe5 Nxe5 9. a3 Bxd2+ 10. Qxd2 d6 11. Be2 O-O 12. Qc3 b6 13. O-O Bb7 14. Bg3
Rfe8 15. Rfe1 Rad8 16. b4 Ng6 17. Rad1 Nh4 18. Bxh4 Qxh4 19. Rd4 Qf6 20. Qd2
Rd7 21. Rf4 Qe5 22. Qd4 Qxd4 23. Rxd4 Rde7 24. c5 dxc5 25. bxc5 g6 26. Rc1 Re4
27. Rd2 R4e5 28. cxb6 axb6 29. Rxc7 R8e7 30. Rc3 Rc5 31. Rdc2 Rec7 32. Rxc5
bxc5 33. f3 Kg7 34. Kf1 Bc8 35. Bc4 Bd7 36. Ke2 Ra7 37. Ra2 Kf6 38. Kd2 h6 39.
Kc3 Ke7 40. Ra1 Be6 41. Bxe6 Kxe6 42. Kc4 Kd6 43. a4 Ra5 44. Rd1+ Kc6 45. Kb3
Ra7 46. Ka3 Ra8 47. g4 Re8 48. Rd3 c4 49. Rc3 Kc5 50. h4 Rb8 51. h5 Rb1 52. Ka2
Rf1 53. hxg6 fxg6 54. f4 Rg1 55. f5 Rxg4 56. f6 Rg2+ 57. Kb1 Rf2 58. e4 Rxf6
59. Rg3 Kd4 60. Kc2 Kxe4 61. Rg4+ Kd5 62. Kc3 Rf3+ 63. Kc2 g5 64. Rg1 Ra3 65.
Rh1 Rxa4 66. Rxh6 Ra3 67. Rg6 Rg3 68. Rg8 Rg2+ 69. Kc3 g4 70. Rg5+ Ke4 71. Kxc4
Kf4 72. Rg8 Rf2 73. Kd3 Kg3 74. Ke3 Ra2 75. Ke4 Re2+ 76. Kd3 Re6 77. Kd2 Kf4
78. Rf8+ Kg3 79. Kd3 Re5 80. Kd4 Rg5 81. Ke3 1/2-1/2

[Event "Michigan Senior"]
[Site "Ann Arbor, MI"]
[Date "1999.06.20"]
[Round "4"]
[White "Everett, Morgan"]
[Black "Santiago, Reynaldo"]
[Result "1-0"]
[WhiteElo "2134"]
[BlackElo "2000"]
[PlyCount "83"]
[EventDate "1999.06.19"]

1. e4 c5 2. Nf3 d6 3. d4 cxd4 4. Nxd4 Nf6 5. Nc3 a6 6. Be3 e5 7. Nb3 Be7 8. Be2
b5 9. a4 b4 10. Nd5 Nbd7 11. Nxb4 Bb7 12. f3 O-O 13. O-O a5 14. Nd5 Bxd5 15.
exd5 Nb6 16. c4 Qc7 17. Nd2 Rab8 18. Rc1 Nbd7 19. b3 Nc5 20. Rc3 Nfd7 21. Nb1
f5 22. Na3 f4 23. Bf2 e4 24. Bd4 e3 25. Nb5 Qb6 26. Kh1 Bf6 27. Rg1 Rbe8 28. g3
Bxd4 29. Qxd4 Nb7 30. gxf4 Qxd4 31. Nxd4 Rxf4 32. Ne6 Rf7 33. Rxe3 Rb8 34. f4
Nbc5 35. Bg4 Kh8 36. Bh3 Rxb3 37. Rxb3 Nxb3 38. Rb1 Nd2 39. Rb7 Ne4 40. Ng5
Rxf4 41. Rxd7 g6 42. Ne6 1-0

[Event "Michigan Senior"]
[Site "Ann Arbor, MI"]
[Date "1999.06.20"]
[Round "4"]
[White "Crysler, Jerry"]
[Black "Griffin, John"]
[Result "1-0"]
[WhiteElo "1343"]
[BlackElo "1500"]
[PlyCount "111"]
[EventDate "1999.06.19"]

1. g3 c5 2. Bg2 Nc6 3. c4 g6 4. d3 Bg7 5. Na3 d6 6. Bxc6+ bxc6 7. Qa4 Qb6 8.
Nf3 Qb4+ 9. Qxb4 cxb4 10. Nc2 c5 11. O-O e6 12. Rb1 Ne7 13. Ne3 Nc6 14. b3 O-O
15. Bb2 Nd4 16. Nxd4 cxd4 17. Nc2 a5 18. Bxd4 e5 19. Bb2 Bd7 20. f4 Rfe8 21.
fxe5 Bxe5 22. Bxe5 Rxe5 23. e4 f5 24. Rbe1 Ree8 25. Nd4 fxe4 26. Rxe4 Rxe4 27.
dxe4 Re8 28. Re1 Re7 29. Kf2 Kf7 30. Re3 Ke8 31. Ke2 Kd8 32. Kd2 g5 33. Nf3 h6
34. e5 g4 35. Nh4 Rxe5 36. Rxe5 dxe5 37. Ng6 e4 38. Ke3 a4 39. Kxe4 Be8 40. Ne5
h5 41. Kd5 axb3 42. axb3 h4 43. gxh4 Kc7 44. Kc5 Bh5 45. Kxb4 Kd6 46. Nd3 Bg6
47. c5+ Kc7 48. Kc3 Bf5 49. b4 Kc6 50. Kd4 Kb5 51. Kc3 Bg6 52. Nf4 Bf5 53. h5
Bc8 54. h6 Bf5 55. Nd5 Kc6 56. Ne7+ 1-0

[Event "Michigan Senior"]
[Site "Ann Arbor, MI"]
[Date "1999.06.20"]
[Round "3"]
[White "Chobanyan, Sergei"]
[Black "Vandivier, Don"]
[Result "1-0"]
[WhiteElo "2288"]
[BlackElo "1927"]
[PlyCount "41"]
[EventDate "1999.06.19"]

1. e4 c5 2. Nf3 Nc6 3. d4 cxd4 4. Nxd4 g6 5. Nxc6 bxc6 6. Qd4 Nf6 7. e5 Nd5 8.
e6 f6 9. exd7+ Bxd7 10. Bc4 e5 11. Qd1 Nb6 12. Bb3 c5 13. Nd2 Bb5 14. a4 Bc6
15. a5 Nd5 16. Nc4 Nf4 17. Bxf4 exf4 18. O-O Qd5 19. Re1+ Kd8 20. Qxd5+ Bxd5
21. Rad1 1-0

[Event "Michigan Senior"]
[Site "Ann Arbor, MI"]
[Date "1999.06.20"]
[Round "4"]
[White "Carr, Jay"]
[Black "Levadi, David"]
[Result "0-1"]
[WhiteElo "1600"]
[BlackElo "1871"]
[PlyCount "66"]
[EventDate "1999.06.19"]

1. c4 Nf6 2. Nc3 g6 3. e4 d6 4. d4 Bg7 5. Be2 O-O 6. Bg5 h6 7. Be3 Na6 8. Qd2
Kh7 9. Rd1 c6 10. f4 Ng4 11. Nf3 Nxe3 12. Qxe3 Qe8 13. O-O e5 14. fxe5 dxe5 15.
d5 b6 16. Nh4 Qe7 17. Qg3 Qg5 18. Qxg5 hxg5 19. Nf3 g4 20. Nh4 Nb4 21. Rd2 Bh6
22. Rdd1 Nc2 23. Rd3 Bg5 24. g3 Ne3 25. Rf2 Nxc4 26. Nd1 c5 27. Ng2 Nd6 28. Nc3
c4 29. Rd1 b5 30. Rdf1 Kg7 31. b3 b4 32. bxc4 bxc3 33. Bd3 Ba6 0-1

[Event "Michigan Junior Invitational"]
[Site "Ann Arbor, MI"]
[Date "1999.06.20"]
[Round "5.1"]
[White "Carl, Kevin"]
[Black "Hartwig, Thomas"]
[Result "1/2-1/2"]
[WhiteElo "1936"]
[BlackElo "2090"]
[PlyCount "36"]
[EventDate "1999.06.19"]

1. e4 c5 2. Nc3 Nc6 3. f4 g6 4. Nf3 Bg7 5. Bb5 Nd4 6. Bd3 d6 7. Nxd4 cxd4 8.
Ne2 Nf6 9. c3 dxc3 10. dxc3 O-O 11. O-O Bd7 12. Qe1 Bb5 13. Bxb5 Qb6+ 14. Kh1
Qxb5 15. Nd4 Qb6 16. Qe2 e5 17. fxe5 dxe5 18. Nf3 Qc7 1/2-1/2

[Event "Michigan Junior Invitational"]
[Site "Ann Arbor, MI"]
[Date "1999.06.20"]
[Round "4.3"]
[White "Brumley, Ron"]
[Black "Vasos, Brandon"]
[Result "1-0"]
[WhiteElo "1870"]
[BlackElo "1044"]
[PlyCount "143"]
[EventDate "1999.06.19"]

1. Nf3 Nc6 2. g3 e5 3. d3 d6 4. Bg2 Be7 5. c4 Nf6 6. Nc3 Bg4 7. h3 Bf5 8. O-O
h6 9. Re1 Qd7 10. Kh2 O-O 11. b3 Rab8 12. e4 Bh7 13. d4 Rfd8 14. Bb2 Bf8 15.
Qe2 Qe7 16. Rad1 Rd7 17. Nd5 Nxd5 18. exd5 Nxd4 19. Nxd4 exd4 20. Qg4 Qd8 21.
Qxd4 Re7 22. Rxe7 Qxe7 23. Qxa7 Qd8 24. Qd4 Qe7 25. Bc3 Ra8 26. Re1 Qd7 27. Re2
Qf5 28. Be4 Qd7 29. Bxh7+ Kxh7 30. a4 Re8 31. Qd3+ Kg8 32. Rxe8 Qxe8 33. Kg2
Be7 34. Qe3 Kf8 35. g4 f6 36. Qe4 Bd8 37. Qxe8+ Kxe8 38. Kf3 b6 39. Bd2 Kf7 40.
a5 bxa5 41. Bxa5 g6 42. Ke4 Ke7 43. Bd2 h5 44. gxh5 gxh5 45. Ba5 Kf7 46. Kf5
Ke7 47. Kg6 h4 48. f3 Kf8 49. Be1 f5 50. Kxf5 Kg7 51. Kg4 Kg6 52. f4 Bf6 53.
f5+ Kh6 54. Bxh4 Bxh4 55. Kxh4 Kg7 56. Kg5 Kf7 57. f6 Kg8 58. Kg6 Kf8 59. f7
Ke7 60. Kg7 Kd8 61. f8=Q+ Kd7 62. b4 c6 63. dxc6+ Kxc6 64. Qc8+ Kb6 65. c5+
dxc5 66. Qxc5+ Ka6 67. Qc6+ Ka7 68. b5 Kb8 69. Qd7 Ka8 70. b6 Kb8 71. Kh8 Ka8
72. Qc8# 1-0

[Event "Michigan Senior"]
[Site "Ann Arbor, MI"]
[Date "1999.06.20"]
[Round "3"]
[White "Brown, Ralph"]
[Black "Dolin, Jack"]
[Result "1-0"]
[WhiteElo "1615"]
[BlackElo "1291"]
[PlyCount "91"]
[EventDate "1999.06.19"]

1. d4 d5 2. c4 e6 3. Nf3 Nf6 4. Nc3 Nbd7 5. Bg5 Be7 6. e3 h6 7. Bh4 O-O 8. Bd3
dxc4 9. Bxc4 Nb6 10. Bb3 Nbd5 11. O-O Nxc3 12. bxc3 b6 13. Bc2 Bb7 14. Re1 Nd5
15. Bg3 Nxc3 16. Qd3 Ne4 17. h3 f5 18. Be5 Bf6 19. Qc4 Bd5 20. Qd3 Bxe5 21.
Nxe5 Qh4 22. Re2 Qg5 23. Bb3 Rad8 24. Bxd5 Rxd5 25. Nc6 a5 26. Rc1 Qf6 27. Qa3
Nd6 28. Ne5 Nf7 29. Nc6 Rd6 30. f4 Re8 31. Ne5 Qd8 32. Nc6 Qd7 33. Rec2 Rc8 34.
Na7 c5 35. Nxc8 Qxc8 36. dxc5 Rc6 37. Rc3 b5 38. Qxa5 Ra6 39. Qxb5 Rxa2 40. c6
Nd6 41. Qe5 Ne4 42. Rd3 Qe8 43. c7 Rxg2+ 44. Kxg2 Qg6+ 45. Kf1 Ng3+ 46. Ke1 1-0

[Event "Michigan Junior Invitational"]
[Site "Ann Arbor, MI"]
[Date "1999.06.20"]
[Round "4.2"]
[White "Berry, DeMarcus"]
[Black "Carl, Kevin"]
[Result "1-0"]
[WhiteElo "1423"]
[BlackElo "1936"]
[PlyCount "57"]
[EventDate "1999.06.19"]

1. e4 c5 2. d4 cxd4 3. c3 dxc3 4. Nxc3 Nc6 5. Nf3 d6 6. Bc4 a6 7. O-O Nf6 8. a4
e6 9. Bg5 h6 10. Bh4 g5 11. Bg3 Nh5 12. Qe2 Nxg3 13. fxg3 g4 14. Nd2 Ne5 15.
Bb3 h5 16. Nc4 Qg5 17. Rad1 Nxc4 18. Bxc4 Qg6 19. e5 d5 20. Rf6 Bc5+ 21. Kh1
Qg7 22. Nxd5 exd5 23. Bxd5 h4 24. Bxf7+ Ke7 25. Qc4 b6 26. b4 hxg3 27. bxc5
Rxh2+ 28. Kg1 Qg5 29. Qd4 1-0

[Event "Michigan Junior Invitational"]
[Site "Ann Arbor, MI"]
[Date "1999.06.20"]
[Round "5.2"]
[White "Berry, DeMarcus"]
[Black "Brumley, Ron"]
[Result "0-1"]
[WhiteElo "1423"]
[BlackElo "1870"]
[PlyCount "64"]
[EventDate "1999.06.19"]

1. e4 d6 2. d4 Nf6 3. Nd2 g6 4. f4 Bg7 5. c3 O-O 6. Bc4 Nxe4 7. Bxf7+ Rxf7 8.
Nxe4 h6 9. Nf3 b6 10. O-O c5 11. dxc5 bxc5 12. Qd5 e6 13. Qxa8 Rb7 14. Rd1 Bf8
15. Ne5 Kg7 16. Be3 Qc7 17. Ng4 Bd7 18. Qxb7 Qxb7 19. Nxd6 Bxd6 20. Rxd6 Qxb2
21. Rad1 Bc6 22. R1d2 Qb1+ 23. Kf2 Qe4 24. Rxc6 Qxc6 25. f5 gxf5 26. Nxh6 Qc7
27. g3 Qe5 28. Rd8 Nc6 29. Rd7+ Kf8 30. Bf4 Qxc3 31. Bd6+ Ke8 32. Rf7 Qd2+ 0-1

[Event "Michigan Amateur"]
[Site "Flint, MI"]
[Date "1999.07.17"]
[Round "1"]
[White "Yufa, Leonid"]
[Black "Young, Corneil"]
[Result "1-0"]
[WhiteElo "1654"]
[BlackElo "1185"]
[PlyCount "51"]
[EventDate "1999.07.17"]

1. e4 e5 2. Nf3 Nc6 3. Bb5 Bc5 4. O-O d6 5. h3 Nge7 6. c3 O-O 7. d4 Bb6 8. d5
Nb8 9. Nbd2 f5 10. Re1 fxe4 11. Nxe4 Bd7 12. Bc4 Qe8 13. Nxe5 Bf5 14. Nf3 Qg6
15. Nh4 Qf7 16. Nxf5 Nxf5 17. Ng5 Qf6 18. Re6 Qd8 19. Bd3 Bxf2+ 20. Kxf2 Nd4+
21. Kg1 Nf5 22. Qh5 Nh6 23. Rxh6 Rf6 24. Rxh7 Rh6 25. Rxh6 gxh6 26. Qg6+ 1-0

[Event "Michigan Amateur"]
[Site "Flint, MI"]
[Date "1999.07.17"]
[Round "3"]
[White "Yufa, Leonid"]
[Black "Robertson, John"]
[Result "1/2-1/2"]
[WhiteElo "1654"]
[BlackElo "1393"]
[PlyCount "102"]
[EventDate "1999.07.17"]

1. e4 e5 2. Nf3 Nc6 3. Bb5 Nf6 4. Nc3 Bb4 5. d3 d6 6. h3 h6 7. O-O O-O 8. Ne2
a6 9. Bc4 Be6 10. Bxe6 fxe6 11. c3 Ba5 12. Qb3 Qc8 13. Ng3 Bb6 14. Nf5 Kh8 15.
Ne3 Rb8 16. Nh4 Qe8 17. Qd1 Ne7 18. Bd2 Ng6 19. Nxg6+ Qxg6 20. Nc4 Ba7 21. Be3
Bxe3 22. Nxe3 Nh5 23. Qg4 Qxg4 24. Nxg4 Nf4 25. Rad1 c5 26. Kh2 h5 27. Ne3 b5
28. d4 exd4 29. cxd4 c4 30. g3 Nd3 31. Rd2 Rf3 32. Kg2 Rbf8 33. Nd1 b4 34. Ne3
Rxe3 35. fxe3 Rxf1 36. Kxf1 Kg8 37. Rxd3 cxd3 38. Ke1 Kf7 39. Kd2 e5 40. Kxd3
Ke7 41. Kc4 Kd7 42. Kxb4 Kc6 43. d5+ Kb6 44. Kc4 Ka5 45. b4+ Ka4 46. a3 g5 47.
Kc3 Kxa3 48. Kc4 Ka4 49. Kc3 a5 50. bxa5 Kxa5 51. Kc4 Ka4 1/2-1/2

[Event "Michigan Amateur"]
[Site "Flint, MI"]
[Date "1999.07.17"]
[Round "2"]
[White "Young, Corneil"]
[Black "Gibbs, Tony"]
[Result "1/2-1/2"]
[WhiteElo "1185"]
[BlackElo "1406"]
[PlyCount "118"]
[EventDate "1999.07.17"]

1. e4 e5 2. Nf3 Nc6 3. Nc3 Nf6 4. Bc4 Bc5 5. O-O O-O 6. d3 d6 7. h3 Be6 8. Bb3
Nd4 9. Be3 Nxb3 10. axb3 Bb6 11. d4 exd4 12. Bxd4 c5 13. Be3 h6 14. e5 dxe5 15.
Nxe5 Re8 16. Qxd8 Raxd8 17. Na4 Bc7 18. Nf3 b6 19. Nc3 a5 20. Nb5 Bb8 21. Rfd1
Nd5 22. Bd2 f6 23. Re1 Bd7 24. Na3 Bc6 25. Rxe8+ Rxe8 26. Re1 Rd8 27. Nh4 Nb4
28. Bxb4 axb4 29. Nc4 b5 30. Nf5 Be4 31. Nce3 Re8 32. Ng4 Rd8 33. Nfe3 h5 34.
f3 Bg6 35. Nf2 Re8 36. Kf1 Bf4 37. Nfd1 Kf7 38. Kf2 h4 39. Re2 Bg3+ 40. Kf1 Bh7
41. Rd2 Bf4 42. Kf2 g5 43. c3 bxc3 44. bxc3 Ke7 45. Nd5+ Kf7 46. Nxf4 gxf4 47.
Rd5 Bc2 48. b4 c4 49. Nb2 Re5 50. Rd4 Re3 51. Rd5 Re5 52. Rd2 Bg6 53. Rd4 Re3
54. Nd1 Rd3 55. Rxd3 Bxd3 56. Ke1 f5 57. Nf2 Bc2 58. Kd2 Bb3 59. Kc1 Ke6
1/2-1/2

[Event "Michigan Amateur"]
[Site "Flint, MI"]
[Date "1999.07.17"]
[Round "2"]
[White "Young, Cordell"]
[Black "June, Brian"]
[Result "0-1"]
[WhiteElo "868"]
[BlackElo "1700"]
[PlyCount "94"]
[EventDate "1999.07.17"]

1. e4 c5 2. d4 cxd4 3. c3 d3 4. Bxd3 Nc6 5. Be3 g6 6. Ne2 Bg7 7. O-O Nf6 8. f4
d6 9. h3 Bd7 10. Qc2 Rc8 11. Nd2 Nb4 12. Qb1 Nxd3 13. Qxd3 a6 14. Nf3 Bb5 15.
Qc2 Bxe2 16. Qxe2 Nxe4 17. Bf2 Nxf2 18. Qxf2 O-O 19. Rad1 Qa5 20. a3 Qc5 21.
Qxc5 Rxc5 22. Rfe1 Rc7 23. Re2 Rd8 24. Kf2 e6 25. Red2 d5 26. Nd4 Rdc8 27. Kf3
Rc4 28. Kf2 Bh6 29. g3 e5 30. Nf3 exf4 31. g4 d4 32. Rxd4 Rxd4 33. Rxd4 g5 34.
h4 Bf8 35. Kg2 gxh4 36. Nxh4 Re8 37. Kf3 Re3+ 38. Kxf4 Re2 39. b4 Rf2+ 40. Nf3
Bh6+ 41. Kg3 Rc2 42. g5 Bf8 43. c4 Rc3 44. Rd7 Rxa3 45. Rxb7 Rb3 46. Rb8 Kg7
47. b5 Bd6+ 0-1

[Event "Michigan Amateur"]
[Site "Flint, MI"]
[Date "1999.07.17"]
[Round "2"]
[White "Vandivier, Don"]
[Black "Duncan, Robert"]
[Result "1-0"]
[WhiteElo "1927"]
[BlackElo "1591"]
[PlyCount "49"]
[EventDate "1999.07.17"]

1. e4 b6 2. Nf3 Ba6 3. c4 g6 4. Nc3 Bg7 5. d4 c5 6. dxc5 Bxc3+ 7. bxc3 bxc5 8.
Qd5 Nc6 9. Qxc5 Na5 10. Qd4 f6 11. Be2 e5 12. Nxe5 Qe7 13. Qd5 Nc6 14. Nxc6 Qe6
15. Nb4 Qxd5 16. cxd5 Bxe2 17. Kxe2 a5 18. Nc2 Ne7 19. Kd3 O-O 20. Ba3 Kf7 21.
Rab1 Rfb8 22. Ne3 Nc8 23. Nc4 a4 24. f4 Ke8 25. Nd6+ 1-0

[Event "Michigan Amateur"]
[Site "Flint, MI"]
[Date "1999.07.17"]
[Round "1"]
[White "Thompson, Dean"]
[Black "LaFerriere, Adam"]
[Result "1-0"]
[WhiteElo "1515"]
[BlackElo "784"]
[PlyCount "51"]
[EventDate "1999.07.17"]

1. e4 e5 2. Nf3 d6 3. d4 Nc6 4. Bc4 Nf6 5. Nc3 Be7 6. d5 Na5 7. Be2 c6 8. b4
cxd5 9. bxa5 dxe4 10. Bb5+ Bd7 11. Bxd7+ Qxd7 12. Nd2 Qf5 13. O-O Bd8 14. Qe2
a6 15. Ndxe4 Nxe4 16. Nxe4 Be7 17. Ba3 Rd8 18. Rfd1 Qg6 19. Rab1 Rd7 20. Rb6 d5
21. Rxg6 fxg6 22. Bxe7 Kxe7 23. Nc5 Rd6 24. Qxe5+ Re6 25. Qxe6+ Kf8 26. Nd7#
1-0

[Event "Michigan Amateur"]
[Site "Flint, MI"]
[Date "1999.07.17"]
[Round "3"]
[White "Thompson, Dean"]
[Black "Brown, Dan"]
[Result "1-0"]
[WhiteElo "1515"]
[BlackElo "1788"]
[PlyCount "85"]
[EventDate "1999.07.17"]

1. e4 c5 2. Nf3 Nc6 3. d4 cxd4 4. Nxd4 d6 5. c4 Nf6 6. Nc3 g6 7. Nxc6 bxc6 8.
Be2 Bg7 9. Be3 O-O 10. Qd2 Re8 11. O-O Qc7 12. f4 Bb7 13. Bf3 a5 14. g4 Rad8
15. Rac1 Ba6 16. g5 Nd7 17. b3 e5 18. f5 Bb7 19. f6 Nxf6 20. gxf6 Bxf6 21. Bg5
Be7 22. Bxe7 Rxe7 23. Qg5 Bc8 24. Bg4 h6 25. Qh4 Bxg4 26. Qxg4 Kg7 27. Rf3 d5
28. cxd5 cxd5 29. exd5 Rxd5 30. Ne2 Qa7+ 31. Kh1 Rd2 32. Qe4 Rxa2 33. Nc3 Rb2
34. Nd5 Qb7 35. Re3 f5 36. Qc4 Rd2 37. Rd3 Rxd3 38. Qxd3 Rd7 39. Rd1 Qa7 40.
Qe2 e4 41. Qb2+ Kf7 42. Qf6+ Kg8 43. Ne7+ 1-0

[Event "Michigan Amateur"]
[Site "Flint, MI"]
[Date "1999.07.17"]
[Round "3"]
[White "Steen, Harold"]
[Black "Vandivier, Don"]
[Result "0-1"]
[WhiteElo "1710"]
[BlackElo "1927"]
[PlyCount "112"]
[EventDate "1999.07.17"]

1. Nf3 c5 2. e4 Nc6 3. g3 d6 4. Bg2 g6 5. d3 Bg7 6. Nbd2 Bd7 7. O-O Qc8 8. Re1
Bh3 9. Bh1 h5 10. Nf1 Bf6 11. Ne3 h4 12. Nd5 hxg3 13. Nxf6+ Nxf6 14. fxg3 Bg4
15. c3 Bxf3 16. Bxf3 Qh3 17. Qe2 Ne5 18. Rf1 Nxd3 19. Bg5 Ne5 20. Bxf6 exf6 21.
Rf2 O-O-O 22. Rd1 Kb8 23. Rd5 Qe6 24. c4 Nxf3+ 25. Qxf3 Rhe8 26. Qxf6 Qxf6 27.
Rxf6 Rxe4 28. Rxf7 Rxc4 29. Rf6 Kc7 30. Rd2 g5 31. b3 Re4 32. Kf2 g4 33. Rf4
Rde8 34. Rf6 d5 35. Rf5 Kc6 36. Rfxd5 Re2+ 37. Kf1 Re1+ 38. Kf2 R8e2+ 39. Rxe2
Rxe2+ 40. Kxe2 Kxd5 41. Kd3 b5 42. a3 a6 43. a4 c4+ 44. Kc3 cxb3 45. a5 Ke4 46.
Kxb3 Kf3 47. Kb4 Kg2 48. Kc5 Kxh2 49. Kb6 b4 50. Kxa6 b3 51. Kb7 b2 52. a6
b1=Q+ 53. Ka8 Kxg3 54. a7 Qe4+ 55. Kb8 Kf3 56. a8=Q Qxa8+ 0-1